| 000 | 00941nam a22002295a 4500 | ||
|---|---|---|---|
| 003 | OSt | ||
| 005 | 20170321104502.0 | ||
| 008 | 170313s2007 ua frb 000 0 ara d | ||
| 015 | _a2007 / 15628 | ||
| 020 | _a9770452645 | ||
| 040 |
_aEG-ScBUE _bara _cEG-ScBUE |
||
| 082 | 0 | 4 |
_222 _bف ا ر _a345 |
| 100 | 1 | _aفارس، جمال سيف. | |
| 245 | 1 | 2 |
_aالتعاون الدولي في تنفيذ الأحكام الجنائية الأجنبية : _bدراسة مقارنة بين القوانين الوضعية والقانون الدولي الجنائي / _cجمال سيف فارس. |
| 260 |
_aالقاهرة : _bدار النهضة العربية، _c2007. |
||
| 300 |
_a475 ص. ؛ _c24 سم. |
||
| 504 | _aيشتمل على إرجاعات ببليوجرافية. | ||
| 650 | 7 |
_2BUEsh _aالقانون الدولي الجنائي. |
|
| 650 | 7 |
_2BUEsh _aالأحكام الجنائية. |
|
| 653 |
_bLLAAWW _cMarch2017 |
||
| 942 | _2ddc | ||
| 999 |
_c24499 _d24471 |
||